| 000 | 00674nam a22001937a 4500 | ||
|---|---|---|---|
| 005 | 20100914123556.0 | ||
| 020 |
_a9780736078733 _c1078.00 |
||
| 037 | _bUBH | ||
| 082 | _a796.358 | ||
| 100 |
_aDellor, Ralph _919974 |
||
| 245 |
_aCricket: _cby Elizabeth Anders with Sue Myers _bstep to success / |
||
| 260 |
_aChampaign _bHuman Kinetics _c2010 |
||
| 270 |
_aP.O. Box, 5076, _bChampaign |
||
| 300 |
_axx, 163p. _bphotos _c30cm(pbk) |
||
| 500 | _aIncludes glossary | ||
| 942 |
_2ddc _cEN _h796.358 _mDEL |
||
| 999 |
_c45670 _d45670 |
||